Tekst piosenki "Jest taki dzień" - Statystyki

Ogólne statystyki
  • Ten quiz został rozwiązany 283 razy
  • Średni wynik to 11 z 16
Statystyki odpowiedzi
Tekst % Poprawnych
Jest taki dzień, bardzo ciepły, choć {grudniowy},
96%
Wszyscy - wszystkim ślą {życzenia},
94%
Wszyscy - wszystkim ślą {życzenia},
94%
Drzewa - ptakom, {ptaki - drzewom},
82%
Dzień, który już każdy z nas zna od {kołyski}.
82%
Jest taki dzień, gdy jesteśmy {wszyscy razem}.
73%
Jest taki dzień, tylko jeden {raz do roku}.
67%
{Niebo - ziemi}, niebu - ziemia,
67%
{Niebo - ziemi}, niebu - ziemia,
67%
Dzień, zwykły dzień, który liczy się od {zmroku}.
65%
Dzień, zwykły dzień, w którym gasną {wszelkie spory}.
65%
Jest taki dzień, w którym {radość} wita wszystkich,
65%
Tchnienie wiatru - {płatkom śniegu}.
54%
A gdy wszyscy {usną} wreszcie,
53%
{Noc} igliwia zapach niesie.
49%
Dzień, piękny dzień, dziś nam {rok} go składa w darze.
38%
Nie znaleziono quizów pasujących do podanych kryteriów
Rozkład punktacji
Procent ludzi z każdym wynikiem
Percentyl według liczby udzielonych odpowiedzi
Twoja historia wyników
Nie rozwiązałeś tego quizu